[Event "FIDE World Uni Blitz-D 1st"]
[Site "Tornelo INT"]
[Date "2021.03.13"]
[Round "6.36"]
[White "Palencia Alvarado, Julio Roberto"]
[Black "Sucikova, Svetlana"]
[Result "0-1"]
[WhiteElo "1752"]
[BlackElo "2131"]
[PlyCount "90"]
[EventDate "2021.03.13"]
[EventType "swiss (blitz)"]
[EventRounds "10"]
[EventCountry "NET"]
[SourceTitle "EXT 2022"]
[Source "ChessBase"]
[SourceDate "2021.10.06"]
[SourceVersion "1"]
[SourceVersionDate "2021.10.06"]
[SourceQuality "1"]

1. e4 c6 2. d4 d5 3. exd5 cxd5 4. Bd3 Nf6 5. h3 Qc7 6. Nf3 Nc6 7. c3 e6 8. 0-0 Bd6 9. Bg5 Ne4 10. Be3 0-0 11. Nbd2 f5 12. Nb3 b6 13. Bb5 a6 14. Bxc6 Qxc6 15. Ne5 Qc7 16. f4 a5 17. Nd2 Ba6 18. Nxe4 Bxe5 19. dxe5 Bxf1 20. Nd6 Ba6 21. Qd4 Rab8 22. Rd1 b5 23. Qa7 Qxa7 24. Bxa7 Ra8 25. Bc5 Rfb8 26. b4 axb4 27. cxb4 Bc8 28. Rd2 Bd7 29. g4 fxg4 30. hxg4 Ra3 31. Kf2 Rba8 32. f5 Rxa2 33. Rxa2 Rxa2+ 34. Kf3 Ra1 35. Kf4 exf5 36. gxf5 Rf1+ 37. Kg5 h6+ 38. Kg6 Rg1+ 39. Kh5 Bxf5 40. Ne8 Rg5+ 41. Kh4 Rg4+ 42. Kh5 Rg1 43. Nd6 Be6 44. Kh4 Rg4+ 45. Kh3 Rxb4+ 0-1

[Event "Caissa Guatemala Online"]
[Site "Chess.com INT"]
[Date "2021.01.23"]
[Round "1"]
[White "Barrientos Chavarriaga, Sergio E"]
[Black "Palencia Alvarado, Julio Roberto"]
[Result "1-0"]
[WhiteElo "2490"]
[BlackElo "1752"]
[PlyCount "71"]
[EventDate "2021.01.23"]
[EventType "swiss (blitz)"]
[EventRounds "7"]
[EventCountry "GUA"]
[SourceTitle "CBM 200 Extra"]
[Source "ChessBase"]
[SourceDate "2021.03.31"]
[SourceVersion "1"]
[SourceVersionDate "2021.03.31"]
[SourceQuality "1"]

1. d4 Nf6 2. Nf3 e6 3. c4 Bb4+ 4. Nbd2 c5 5. a3 Bxd2+ 6. Bxd2 cxd4 7. Nxd4 Nc6 8. Nf3 0-0 9. e3 d5 10. cxd5 Qxd5 11. Bc3 Qxd1+ 12. Rxd1 Ne4 13. Rc1 Nxc3 14. Rxc3 Rd8 15. Bb5 Bd7 16. Ke2 a6 17. Bd3 Rac8 18. Rhc1 Ne7 19. Ne5 Rxc3 20. Rxc3 f6 21. Nxd7 Rxd7 22. g4 b5 23. Be4 g6 24. Rd3 Rxd3 25. Kxd3 a5 26. Kd4 f5 27. gxf5 exf5 28. Bd3 b4 29. axb4 Nc6+ 30. Kc5 Nxb4 31. Bc4+ Kg7 32. Kb5 Nc2 33. Kxa5 Kf6 34. b4 Na3 35. Bd3 Ke5 36. Ka4 1-0

[Event "Caissa Guatemala Online"]
[Site "Chess.com INT"]
[Date "2021.01.23"]
[Round "6"]
[White "Palencia Alvarado, Julio Roberto"]
[Black "Gonzalez Zamora, Juan Carlos"]
[Result "1/2-1/2"]
[WhiteElo "1752"]
[BlackElo "2540"]
[PlyCount "100"]
[EventDate "2021.01.23"]
[EventType "swiss (blitz)"]
[EventRounds "7"]
[EventCountry "GUA"]
[SourceTitle "CBM 200 Extra"]
[Source "ChessBase"]
[SourceDate "2021.03.31"]
[SourceVersion "1"]
[SourceVersionDate "2021.03.31"]
[SourceQuality "1"]

1. e4 c5 2. Nc3 Nc6 3. Bb5 Nd4 4. Bc4 e6 5. Nf3 a6 6. a4 Nf6 7. 0-0 d5 8. exd5 exd5 9. Re1+ Be7 10. Be2 Nxe2+ 11. Qxe2 d4 12. Ne4 0-0 13. Nxf6+ Bxf6 14. d3 Bd7 15. Bf4 Re8 16. Qd2 Rxe1+ 17. Qxe1 Qb6 18. b3 Re8 19. Qd2 Bc6 20. Re1 Qd8 21. Rxe8+ Qxe8 22. Qe1 Qxe1+ 23. Nxe1 Be7 24. Kf1 f6 25. Ke2 Kf7 26. g3 g5 27. Bc1 Ke6 28. f4 Kf5 29. Kf2 h5 30. Nf3 b5 31. axb5 axb5 32. Bd2 Bd8 33. Bc1 Bxf3 34. Kxf3 g4+ 35. Ke2 Ke6 36. Bd2 f5 37. Be1 Kd5 38. Kd1 Bc7 39. Kc1 h4 40. Bd2 h3 41. Be1 Kc6 42. Bd2 c4 43. Kb1 Bd6 44. Ka2 Kd5 45. Be1 c3 46. Bf2 Bc5 47. Be1 Bd6 48. Bf2 Be7 49. Be1 Bc5 50. Bf2 Bd6 1/2-1/2